| 000 | 00000nam 2200000za 4500 |
| 001 | 9.850369 |
| 003 | CaOODSP |
| 005 | 20221107154136 |
| 007 | cr ||||||||||| |
| 008 | 180119s2018 onca o f000 0 fre d |
| 020 | |a9780660246116|z9780660246123 |
| 040 | |aCaOODSP|bfre |
| 043 | |an-cn--- |
| 086 | 1 |aNR16-199/2018F-PDF |
| 110 | 2 |aConseil national de recherches Canada. |
| 245 | 10|aUsine pilote, fermentation microbienne |h[ressource électronique]. |
| 260 | |a[Ottawa] : |bConseil national de recherches Canada, |c2018. |
| 300 | |a[2] p. : |bill. en coul. |
| 500 | |aPubl. aussi en anglais sous le titre : Microbial fermentation pilot plant. |
| 500 | |aTitre de départ. |
| 500 | |a« Février 2018. » |
| 520 | |a« L’usine pilote en fermentation microbienne comporte une équipe multidisciplinaire formée de microbiologistes, de chimistes, de biochimistes et d’ingénieurs qui connaissent bien les besoins de l’industrie de la biotechnologie. Nous nous employons activement à mettre au point des bioprocédés qui peuvent être facilement transférés vers des installations de production industrielle. Nos domaines d’expertise comprennent la biologie moléculaire, la physiologie microbienne, la mise au point, l’optimisation et mise à l’échelle de bioprocédés, la récupération primaire et la purification de produits, l’élimination des endotoxines, le contrôle et la biosurveillance des procédés et la production de matériel conforme aux exigences en matière de Bonnes pratiques de laboratoire (BPL) » -- P. [1]. |
| 530 | |aÉgalement publ. en version imprimée. |
| 693 | 4|aFermentation |
| 693 | 4|aBiotechnologie pharmaceutique |
| 775 | 08|tMicrobial fermentation pilot plant |w(CaOODSP)9.850360 |
| 776 | 0#|tUsine pilote spécialisée en fermentation microbienne |w(CaOODSP)9.850371 |
| 856 | 40|qPDF|s196 Ko|uhttps://publications.gc.ca/collections/collection_2018/cnrc-nrc/NR16-199-2018-fra.pdf |